Titres de films - Twilight - Statistiques

Statistiques générales
  • Ce quiz a été pris 629 fois
  • Le résultat moyen est 3 sur 5
Statistiques - réponses
Chapitre Titre % Correct
I Twilight, Chapitre I : Fascination
88%
II Twilight, Chapitre II : Tentation
88%
III Twilight, Chapitre III : Hésitation
83%
IV Twilight : Chapitre 4 - Révélation, 1ère partie
40%
V Twilight: Chapitre 5 - Révélation, 2e partie
38%
Aucun quiz correspondant
Distribution des résultats
% des personnes avec chaque résultat
Percentile par nombre de réponses
Votre historique - résultats
Vous n’avez pas pris ce quiz